000 01289nam a2200373 a 4500
001 2362560
003 OSt
005 20230704090008.0
008 840802s1983 enk b 001 0 eng
010 _a 83219031
020 _a0421296100
020 _a0421296208 (pbk.)
040 _aDLC
_cDLC
_dDLC
043 _ae-uk---
050 0 0 _aKD3009
_b.R5 1983
082 0 0 _a344.41/01
_a344.1041
_219
_bRID
100 1 _aRideout, Roger W.
245 1 0 _aRideout's principles of labour law /
_cby Roger W. Rideout, with Jacqueline C. Dyson.
250 _a3rd ed.
260 _aLondon :
_bSweet & Maxwell,
_c1979
300 _a464p
_c26 cm.
500 _aRev. ed. of: Principles of labour law. 3rd ed. 1979.
500 _a"Table of cases": p. xvii-lxi.
500 _a"Table of Social Security Commissioners' decisions": p. lxiii-lxiv.
500 _a"Table of statutes": p. lxv-lxxiii.
500 _a"Table of statutory instruments" p. lxxv-lxxvi.
504 _aIncludes bibliographical references and index.
650 0 _aLabor laws and legislation
_zGreat Britain.
700 1 _aDyson, Jacqueline C.
700 1 _aRideout, Roger W.
_tPrinciples of labour law.
740 0 _aPrinciples of labour law.
906 _a7
_bcbc
_corignew
_d3
_encip
_f19
_gy-gencatlg
942 _2ddc
_cBK
999 _c3580
_d3580